LEADER 01340nam a2200337 a 4500 001 000000134036 003 CaOOAMICUS 005 20130524131417.0 008 130524s2003 it u000 u ita r 020 $a88-7016-441-1 040 $aPUL$bita 041 1 $aita$heng 082 04$a220.6 100 1 $aCousar, Charles B.$0(OLS)http://pul/name/86378 240 10$aGalatians.$lItaliano.$0(OLS)http://pul/title/169444 245 10$aGalati /$cCharles B. Cousar ; edizione italiana a cura di Sergio Ronchi. 260 $aTorino :$bClaudiana,$cİ2003. 300 $a205 p. ;$c24 cm. 490 1 $aStrumenti. Commentari ;$v12 504 $aBibliografia: p. 191-193. 630 04$aBiblia.$pN.T.$pAd Galatas$xCommenti.$0(OLS)http://pul/subject/6279 700 1 $aRonchi, Sergio.$0(OLS)http://pul/name/66792 830 0$aStrumenti (Claudiana).$pCommentari ;$v12.$0(OLS)http://pul/title/133061 850 $aPUL 852 $aPUL$W1$xSL Religione 3$y85$m220. 6 COLL 1.12$j154107$qDDC 21$B153658$CPULBib$Z2$F153658 $H122486 $82 941 1 $a9 996 $6020$a88-7016-441-1$9(OLS)http://pul/number/152811 996 $6082$a220.6$9(OLS)http://pul/classification/388 996 $6245$aGalati$9(OLS)http://pul/title/169445 996 $6260$aTorino :$bClaudiana$9(OLS)http://pul/publisher/48072 LEADER 01553nam a2200325 u 4500 001 000000078786 003 CaOOAMICUS 005 20070226123452.0 008 040514s1990 gw u000 u ger u 020 $a3884050524 035 $a10995142 040 $aPUL$bita 100 1 $aEhrenfels, Christian von,$d1859-1932.$0(OLS)http://pul/name/52480 245 10$aMetaphysik /$cChristian von Ehrenfels ; hrsg. von Reinhard Fabian ; mit ein Einleitung von Roderick M. Chisholm. 260 $aMünchen :$bPhilosophia Verlag,$c1990. 300 $a476 p. ;$c24 cm 490 1 $aPhilosophische Schriften / Christian Von Ehrenfels ;$vBd. 4 490 1 $aPhilosophia resources library 500 $aContiene indici. 504 $aBibliografia in nota. 700 1 $aChisholm, Roderick M.,$d1916-$0(OLS)http://pul/name/48790 700 1 $aFabian, Reinhard.$0(OLS)http://pul/name/50596 800 1 $aEhrenfels, Christian von,$d1859-1932.$tPhilosophische Schriften$9(Ehrenfels, Christian von, 1859-1932) ;$vBd.4.$0(OLS)http://pul/nameTitle/220$0(OLS)http://pul/name/52480$0(OLS)http://pul/title/103149 830 0$aPhilosophia resources library.$0(OLS)http://pul/title/103148 850 $aPUL 852 $aPUL$W1$xSL Filosofia 1$y2$m89 G 45.4$j100975$nBK-PRI$b $qStampati$B100975$CPULBib$Z2$F100975 $HPUL92288 $81 941 1 $a8 996 $6020$a3884050524$9(OLS)http://pul/number/103339 996 $6245$aMetaphysik$9(OLS)http://pul/title/72182 996 $6260$aMünchen :$bPhilosophia Verlag$9(OLS)http://pul/publisher/75499